Arsenal - West Ham United 2015-2016 - Statistics

General Stats
  • This quiz has been taken 384 times
  • The average score is 17 of 29
Answer Stats
Answer % Correct
Petr Cech
87%
Olivier Giroud
85%
Mesut Ozil
83%
Arsène Wenger
76%
Dimitri Payet
76%
Per Mertesacker
76%
Alexis Sanchez
75%
Laurent Koscielny
75%
Mark Noble
75%
Nacho Monreal
72%
Adrian
69%
Aaron Ramsey
66%
Aaron Cresswell
65%
Theo Walcott
65%
Santi Cazorla
61%
Winston Reid
61%
Angelo Ogbonna
60%
Slaven Bilic
58%
Cheikhou Kouyaté ¹
55%
Diafra Sakho
55%
Francis Coquelin
54%
Alex Oxlade-Chamberlain
50%
Mathieu Debuchy
50%
Mauro Zarate ¹
46%
James Tomkins
43%
Reece Oxford
43%
Kevin Nolan
26%
Matt Jarvis
13%
Modibo Maiga
10%
No matching quizzes found
Score Distribution
Percent of People with Each Score
Percentile by Number Answered
Your Score History
You have not taken this quiz